| 000 | 00723nam a2200289 a 4500 | ||
|---|---|---|---|
| 003 | AR-BaBNM | ||
| 005 | 20251128205051.0 | ||
| 008 | 082120s2002 ||||||||||||||000 | spa|| | ||
| 020 | _a84-261-0288-3 | ||
| 040 | _cAR-BaBNM | ||
| 100 | 1 | _aTyler, Royall | |
| 245 | 0 | 0 | _aEl emperador Carlos V |
| 250 | _a3ª ed. | ||
| 260 |
_aBarcelona _bJuventud _c1987 |
||
| 300 |
_a220 p. _bgráfs., mapas, lams. |
||
| 650 | 4 | _aBIOGRAFIAS | |
| 650 | 4 | _aGENEALOGIA | |
| 650 | 4 | _aHISTORIA | |
| 650 | 4 | _aHISTORIA EUROPEA | |
| 650 | 4 | _aHISTORIA DE LAS RELIGIONES | |
| 650 | 4 | _aHISTORIA POLITICA | |
| 651 | 4 | _aEspaña | |
| 655 | _aBIOGRAFIAS | ||
| 700 | 1 |
_aRíos Sarmiento, Juan _etraductor |
|
| 942 | _cBK | ||
| 998 | _cEnrique | ||
| 999 |
_c9849 _d9849 |
||